Superstars of history : (Record no. 450)

MARC details
000 -LEADER
fixed length control field 00576nam a22002057a 4500
001 - CONTROL NUMBER
control field 450
003 - CONTROL NUMBER IDENTIFIER
control field FISKH
005 - DATE AND TIME OF LATEST TRANSACTION
control field 20231211152637.0
008 - FIXED-LENGTH DATA ELEMENTS--GENERAL INFORMATION
fixed length control field 230424b cb ||||| |||| 00| 0 eng d
020 ## - INTERNATIONAL STANDARD BOOK NUMBER
International Standard Book Number 9780545680240
040 ## - CATALOGING SOURCE
Original cataloging agency FISKH
Language of cataloging eng
Transcribing agency FISKH
Modifying agency FISKH
082 ## - DEWEY DECIMAL CLASSIFICATION NUMBER
Classification number 920.02
100 ## - MAIN ENTRY--PERSONAL NAME
Personal name Grant, R.J.
245 ## - TITLE STATEMENT
Title Superstars of history :
Remainder of title The good, the bad, and the brainy :
Statement of responsibility, etc. Created by Basher written by R.J. Grant
260 ## - PUBLICATION, DISTRIBUTION, ETC.
Place of publication, distribution, etc. New York :
Name of publisher, distributor, etc. Scholastic.
Date of publication, distribution, etc. 2014
300 ## - PHYSICAL DESCRIPTION
Extent 95 Pages.
Dimensions 23 cm.
521 8# - TARGET AUDIENCE NOTE
Target audience note 960 <br/>
Source Lexile
521 8# - TARGET AUDIENCE NOTE
Target audience note U <br/>
Source Raz-Plus
942 ## - ADDED ENTRY ELEMENTS (KOHA)
Source of classification or shelving scheme Dewey Decimal Classification
Koha item type Books
Suppress in OPAC No
Holdings
Withdrawn status Lost status Source of classification or shelving scheme Damaged status Not for loan Collection Home library Current library Shelving location Date acquired Total Checkouts Full call number Barcode Date last seen Price effective from Koha item type
    Dewey Decimal Classification     Non-Fiction Footprints International School Library Network Toul Kork Campus Footprints International School Library Network Toul Kork Campus   04/24/2023   GRA 920.02 FISTK05331 04/24/2023 04/24/2023 Books